| 000 | 00452cam a2200181ua 4500 | ||
|---|---|---|---|
| 001 | 1223 | ||
| 008 | 110620n ii |||gr||||Z||||||asm | ||
| 040 | _cMAIN | ||
| 082 | _a333.7 | ||
| 245 | 1 |
_aParibesh arthabigyan. _cBy Rafik Ahmed. |
|
| 250 | _a1st. | ||
| 260 |
_aJorhat.: _bUnika prakashan., _c2003. |
||
| 300 |
_a336 p.: _c21 cm. |
||
| 653 | _aEconomics. | ||
| 653 | _aEnvironmental economics. | ||
| 700 |
_aAhmed Rafique., _eauthor., |
||
| 942 | _cBK | ||
| 999 |
_c1130 _d1130 |
||